000 00759nam a2200289Ia 4500
005 20260324123100.0
008 008 260324s9999 xx 000 0 eng d
020 _a9781003444763
037 _aEBOOK
040 _aCRL
040 _beng
040 _cCRL
041 _2eng
041 _aeng
084 _qCRL
100 _aL. Dee Fink; Bridget D. Arend; James R. Davis
_91168953
245 0 _aFacilitating Seven Ways of Learning
245 2 _bA Resource for More Purposeful, Effective, and Enjoyable College Teaching
260 _bTaylor and Francis
260 _c2012
365 _a
365 _b230
856 _uhttp://www.taylorfrancis.com/books/9781003444763
942 _cEBOOK
999 _c1762161
_d1762161